الرقية الشرعية في علاج السحر و الحسد و المس الشيطاني / (رقم التسجيلة. 125857)

تفاصيل مارك
000 -الفاتح
عناصر البيانات ثابتة الطول 00927cam a2200217 i 4500
005 - تاريخ ووقت آخر معاملة
حقل ضبط 20251203091903.0
008 - عناصر البيانات ثابتة الطول
عناصر البيانات ثابتة الطول 250721r2011 ua gr 000 0 ara d
082 14 - رقم تصنيف ديوي العشري
رقم التصنيف 210.4213343
رقم المادة ش ع ر
100 1# - مدخل رئيسي – اسم شخصي
الاسم الشخصي الشعراوي، محمد متولي
علاقة الشخص بالعمل/ دوره مؤلف.
245 12 - بيان العنوان
العنوان الرقية الشرعية في علاج السحر و الحسد و المس الشيطاني /
بيان المسؤولية الامام محمد متولي الشعراوي ؛ جمع و ترتيب عبد الرحيم محمد متولي الشعراوي.
264 31 - بيانات النشر، التوزيع…إلخ
مكان النشر، التوزيع...إلخ القاهرة :
اسم الناشر، الموزع...إلخ دار التوفيقية للتراث،
تاريخ النشر، التوزيع...إلخ 2011.
300 ## - الوصف المادي
عدد الوحدات المكونة للوعاء 383 صفحة.
650 17 - مدخل إضافي بالموضوع - مصطلح موضوعي
مصطلح موضوعي أو اسم جغرافي كعنصر مدخل السحر و التنجيم.
650 17 - مدخل إضافي بالموضوع - مصطلح موضوعي
مصطلح موضوعي أو اسم جغرافي كعنصر مدخل الإسلام.
650 17 - مدخل إضافي بالموضوع - مصطلح موضوعي
مصطلح موضوعي أو اسم جغرافي كعنصر مدخل العلاج.
653 ## - رأس موضوع – غير مقيد
المصطلح / رأس الموضوع غير المقيد الرقية الشرعية
653 ## - رأس موضوع – غير مقيد
المصطلح / رأس الموضوع غير المقيد الحسد
700 1# - مدخل إضافي - اسم شخصي
الاسم الشخصي الشعراوي، عبد الرحيم محمد متولي
علاقة الشخص بالعمل/ دوره جامع.
942 ## - بيانات إضافية (كوها)
نوع التنصيف Dewey Decimal Classification
نوع المادة (كوها) كتب
المقتنيات
حالة السحب حالة الفقدان مصدر التصنيف حالة التلف غير قابل للإعارة المكتبة الرئيسية المكتبة الحالية موقع الرف تاريخ التزويد الرقم المتسلسل Total Checkouts رقم الإستدعاء الباركود تاريخ آخر ظهور تاريخ الفاتورة نوع المادة (كوها)
    Dewey Decimal Classification     المكتبة المركزية المكتبة المركزية الإعارة 28/07/2025 1534769   210.4213343 / ش ع ر PLD00257780 28/07/2025 28/07/2025 كتب
    Dewey Decimal Classification     مكتبة أم قصير والمقابلين العامة مكتبة أم قصير والمقابلين العامة الإعارة 25/09/2012 1534770   210.4213343/شعر PLD00257860 28/07/2025 25/09/2012 كتب
    Dewey Decimal Classification     مكتبة صويلح العامة مكتبة صويلح العامة الإعارة 25/09/2012 1534773   210.4213343/شعر PLD00257863 28/07/2025 25/09/2012 كتب
Implemented & Customized by: BBB with SCIT (Smart Chains for Information Technology)

Powered by Koha